BIBLIOTECA PODER JUDICIAL
Portal Judicial TDF

Prenda con registro / (Registro nro. 2359)

000 -LEADER
fixed length control field 01011nam a22002417a 4500
003 - CONTROL NUMBER IDENTIFIER
control field OSt
005 - DATE AND TIME OF LATEST TRANSACTION
control field 20190218095255.0
008 - FIXED-LENGTH DATA ELEMENTS--GENERAL INFORMATION
fixed length control field 180307b xxu||||| |||| 00| 0 spa d
020 ## - INTERNATIONAL STANDARD BOOK NUMBER
International Standard Book Number 9505080964
040 ## - CATALOGING SOURCE
Transcribing agency PJ
100 ## - ASIENTO PRINCIPAL - NOMBRE DE PERSONA
9 (RLIN) 1627
Personal name Muguillo, Roberto A.
245 10 - MENCIÓN DE TÍTULO
Título propiamente dicho Prenda con registro /
Mención de responsabilidad, etc Roberto A. Muguillo.
250 ## - EDITION STATEMENT
Edition statement 2a. ed. act. y amp.
260 ## - PUBLICATION, DISTRIBUTION, ETC. (IMPRINT)
Place of publication, distribution, etc Buenos Aires :
Name of publisher, distributor, etc Astrea,
Date of publication, distribution, etc 1997.
300 ## - DESCRIPCION FISICA
Extent xvi, 363 p.
Dimensions 23 cm.
500 ## - NOTA GENERAL
General note Citas y notas a pie de página.
504 ## - NOTA DE BIBLIOGRAFÍA, ETC.
Bibliography, etc Bibliografía: p. 361-363.
505 ## - FORMATTED CONTENTS NOTE
Formatted contents note Contenido:<br/>Decreto Ley 15.348/46 y su reglamentación.<br/>Texto ordenado según decreto 897/95.<br/>Comentado, anotado y concordado.<br/>Obligaciones garantizables. Extensión del privilegio. Inscripción, venta y ejecución dle bien prendado. Maquinaria agrícola, vial e industrial. Especialidad. Pagarés prendarios.
650 #0 - ASIENTO SECUNDARIO DE MATERIA - TERMINO TEMATICO
9 (RLIN) 352
Topical term or geographic name as entry element DERECHO CIVIL
650 #0 - ASIENTO SECUNDARIO DE MATERIA - TERMINO TEMATICO
9 (RLIN) 1670
Topical term or geographic name as entry element CONTRATOS COMERCIALES
650 #0 - ASIENTO SECUNDARIO DE MATERIA - TERMINO TEMATICO
9 (RLIN) 2709
Topical term or geographic name as entry element PRENDA CON REGISTRO
942 ## - ADDED ENTRY ELEMENTS (KOHA)
Source of classification or shelving scheme
Koha item type Libros
Classification part 347.466
Item part MUG
Existencias
Withdrawn status Lost status Source of classification or shelving scheme Damaged status Not for loan Permanent Location Current Location Date acquired Full call number Barcode Date last seen Price effective from Koha item type
          Biblioteca Poder Judicial Norte Biblioteca Poder Judicial Norte 2019-02-18 347.466 MUG RG 4193 2024-12-02 2019-02-18 Libros
          Biblioteca Poder Judicial Sur Biblioteca Poder Judicial Sur 2019-02-18 347.466 MUG 3645 2019-02-18 2019-02-18 Libros

12 de Octubre 789 Ushuaia - Tel:  54(02901)441571
Horario de Atención: 8.00 a 17.00 hs. 
bibliotecaush@justierradelfuego.gov.ar
koha@justierradelfuego.gov.ar
Seguinos en nuestras redes @bibliojustdf 

Con tecnología Koha